000 00295nam a2200133 4500
003 OSt
005 20250825173112.0
007 ta
008 250109b |||||||| |||| 00| 1 fre d
040 _cautismepaimpol.fr
100 _qCollectif
245 _aMon premier livre de chiffres
942 _c843.0692
999 _c133
_d133